000 00507cam a2200157 4500500
005 20251012003930.0
041 _afre
042 _adc
100 1 0 _aGaret, Danièle
_eauthor
700 1 0 _a Gamblin, Guillaume
_eauthor
245 0 0 _aContre le codage des données dans les hôpitaux psychiatriques
260 _c2021.
500 _a45
786 0 _nSilence | 498 | 4 | 2021-04-04 | p. 12-14 | 0756-2640
856 4 1 _uhttps://shs.cairn.info/revue-silence-2021-4-page-12?lang=fr&redirect-ssocas=7080
999 _c1513657
_d1513657